000 00301nam a22001337a 4500
008 180911b xxu||||| |||| 00| 0 eng d
020 _a9781583211267
041 _aeng
080 _a610
100 _a3
101 _aSHM
245 _aPlain Talk about drinking Water
_cSymons, J.M
942 _2udc
_cBK
999 _c47670
_d47670